000 00654nam a2200253Ia 4500
003 OSt
005 20221007111153.0
006 a|||||r|||| 00| 0
007 ta
008 221006b |||||||| |||| 00| 0 eng d
024 _a22,766
037 _cTextual
040 _aLCO
_cLCO
_beng
041 _2eng
_aeng
082 _aZ2,985, P8
100 _aBhashyam Adiga
_9700754
245 0 _aNegotiable Instruments Act
250 _a18th
260 _aNew
_bDelhi Bharat Law House India
_c2008
300 _a1108
650 _aNEGOTIABLE INSTRUMENT ACT
942 _hZ2,985, P8
_cTEXL
999 _c1192329
_d1192329